| 000 | 00671nam a2200205Ia 4500 | ||
|---|---|---|---|
| 005 | 20260601193300.0 | ||
| 008 | 260601s9999||||xx |||||||||||||| ||und|| | ||
| 020 |
_a978-3-031-67826-4 _qebk |
||
| 100 | _aJaume Baixeries | ||
| 245 | 0 | _aData Analytics and Management in Data Intensive Domains | |
| 250 | _a2024 | ||
| 260 |
_aHeidelberg, Germany _bSpringer Nature _c2024 |
||
| 440 | _aCommunications in Computer and Information Science | ||
| 650 | _aComputer Science | ||
| 700 | _aDmitry I. Ignatov | ||
| 700 | _aSergei O. Kuznetsov | ||
| 700 | _aSergey Stupnikov | ||
| 856 | _uhttps://link.springer.com/openurl?genre=book&isbn=978-3-031-67826-4 | ||
| 942 |
_cEB _2ddc |
||
| 999 |
_c56992 _d56992 |
||